• 首页
  • 本馆介绍
  • 公告通知
  • 最新文献
  • 馆藏检索
  • 电子资源
  • 读者导购
  • 参考咨询
  • 我的图书馆
  • 登录
  • 期刊详细显示
  • 现刊情况显示
  • 合订本情况显示
  • 篇目信息显示

期刊信息

  • 表格格式
  • 工作单格式
  • 卡片格式
索取号 
C5/GSJY
题名 
甘肃教育学院学报
作者 
该刊编委会
分册号 
分册名 
出版地 
兰州
出版者 
该刊编委会
标准刊号 
出版频率 
半年刊
中图法分类 
C
主题词 
社会科学 丛书; 社会科学 文集; 社会科学 连续出版物
电子资源 
000 01209nas0 2200373 45
001 1196020341
005 20070419162530.59
021    @aCN@b甘肃1081(内)
100    @a19930710a19889999km y0chiy0121 eb
101 0  @achi
102    @aCN@b620000
110    @aajaz 0yu0
200 1  @a甘肃教育学院学报@AGAN SU JIAO YU XUE YUAN XUE BAO@i社会科学版@ISHE HUI KE XUE BAN@f该刊编委会@FGAI KAN BIAN WEI HUI
207  0 @a1988,no.1(1988)~=总7~
210    @a兰州@c该刊编委会@d1988~
215    @d26cm
300    @a内部发行
300    @a继承:《甘肃教育学院学报·文科版》
326    @a半年刊
327 0  @a语言@a文学@a教育@a美学@a中学教育
540 1  @a甘肃教育学院 学报 社会科学@AGAN SU JIAO YU XUE YUAN XUE BAO SHE HUI KE XUE
541 1  @aJournal of Gansu Education Insititute@iSocial sciences edition@zeng
606 0  @a社会科学@x丛书
606 0  @a社会科学@x文集
606 0  @a社会科学@x连续出版物
610 0  @a社会科学@a大学@a学报@a教育@a甘肃
676    @a370.7@v19
676    @a300@v19
690    @aC@v3
690    @aC5@v4
701  0 @a姚冠群@AYAO GUAN QUN@4主编
711 02 @a甘肃教育学院@AGAN SU JIAO YU XUE YUAN@4主办
801  0 @aCN@bPFT@c20070419
905    @a1@cQ@dC5@eGSJY
    
    甘肃教育学院学报.社会科学版/该刊编委会.-1988,no.1(1988)~=总7~.-兰州:该刊编委会,1988~
    26cm
    内部发行.-继承:《甘肃教育学院学报·文科版》
    部分内容:语言;文学;教育;美学;中学教育
    
    
●
相关链接: 在易读查询期刊 在中国知网中查询期刊 在万方数据查询期刊 在维普查询期刊
唐山师范学院图书馆 欢迎您!
大连网信软件有限公司© 版权所有